| 000 -LEADER | |
|---|---|
| fixed length control field | 00375nam a22001577a 4500 |
| 005 - DATE AND TIME OF LATEST TRANSACTION | |
| control field | 20160903164405.0 |
| 008 - FIXED-LENGTH DATA ELEMENTS--GENERAL INFORMATION | |
| fixed length control field | 160903b xxu||||| |||| 00| 0 eng d |
| 020 ## - INTERNATIONAL STANDARD BOOK NUMBER | |
| ISBN | 978-81-89866-61-7 |
| 041 ## - LANGUAGE CODE | |
| Language code of text/sound track or separate title | eng |
| 100 ## - MAIN ENTRY--AUTHOR NAME | |
| Personal name | RAVICHANDRA,N.G |
| 245 ## - TITLE STATEMENT | |
| Title | PLANT NEMATOLOGY |
| 260 ## - PUBLICATION, DISTRIBUTION, ETC. (IMPRINT) | |
| Name of publisher | I. K INTERNATIONAL |
| Year of publication | 2015 |
| 300 ## - PHYSICAL DESCRIPTION | |
| Number of Pages | 688 |
| 650 ## - SUBJECT ADDED ENTRY--TOPICAL TERM | |
| Topical Term | AGRICULTURAL |
| 942 ## - ADDED ENTRY ELEMENTS (KOHA) | |
| Koha item type | Books |
| Lost status | Damaged status | Collection code | Home library | Current library | Shelving location | Date acquired | Source of acquisition | Cost, normal purchase price | Full call number | Accession Number | Copy number | Koha item type |
|---|---|---|---|---|---|---|---|---|---|---|---|---|
| Reference | JRU Library | JRU Library | SHELF-2-E | 03/09/2016 | PURCHASE | 465.00 | 632.7 | 20977 | 5 | Books | ||
| AGRICULTURE | JRU Library | JRU Library | SHELF-44-A | 03/09/2016 | PURCHASE | 465.00 | 20978 | 5 | Books | |||
| AGRICULTURE | JRU Library | JRU Library | SHELF-44-A | 03/09/2016 | PURCHASE | 465.00 | 20979 | 5 | Books | |||
| AGRICULTURE | JRU Library | JRU Library | SHELF-44-A | 03/09/2016 | PURCHASE | 465.00 | 20980 | 5 | Books | |||
| AGRICULTURE | JRU Library | JRU Library | SHELF-44-A | 03/09/2016 | PURCHASE | 465.00 | 20981 | 5 | Books |